| 000 | 00528nam a2200181 i 4500 | ||
|---|---|---|---|
| 001 | 24226 | ||
| 003 | ES-MaACL | ||
| 005 | 20231227155437.0 | ||
| 007 | t| | ||
| 008 | 021216s1921 sp ||||1| spa d | ||
| 080 | _a821.134.2-14"19" | ||
| 100 | 1 |
_aAndrés Álvarez, Valentín, _d1891-1982 _9174884 |
|
| 245 | 1 | 0 |
_aReflejos : _bpoesías / _cValentín Andrés Álvarez. |
| 260 |
_aMadrid : _b[Blass y Compañía], _c1921. |
||
| 300 |
_a102 p. ; _c19 x 22 cm. |
||
| 852 | 4 |
_aES-MaACL _jF-5134 |
|
| 999 |
_c24226 _d24226 |
||